<?xml version="1.0" encoding="UTF-8"?>
<collection xmlns="http://www.loc.gov/MARC21/slim">
 <record>
  <leader>05903nam a2200529 a 4500</leader>
  <controlfield tag="001">kal5122</controlfield>
  <controlfield tag="003">Gr-AtHEAL</controlfield>
  <controlfield tag="005">20160427175715.0</controlfield>
  <controlfield tag="006">m        d        </controlfield>
  <controlfield tag="008">160413s2015    gr      s           gre|c</controlfield>
  <datafield tag="020" ind1=" " ind2=" ">
   <subfield code="a">9789606034626</subfield>
  </datafield>
  <datafield tag="040" ind1=" " ind2=" ">
   <subfield code="a">GR-AtHEAL</subfield>
   <subfield code="b">gre</subfield>
   <subfield code="c">GR-AtHEAL</subfield>
  </datafield>
  <datafield tag="082" ind1="0" ind2="4">
   <subfield code="a">363.3250</subfield>
   <subfield code="2">23</subfield>
  </datafield>
  <datafield tag="100" ind1="1" ind2=" ">
   <subfield code="a">Αρετουλάκης, Εμμανουήλ.</subfield>
   <subfield code="8">1623</subfield>
  </datafield>
  <datafield tag="245" ind1="1" ind2="0">
   <subfield code="a">Τρομοκρατία και λογοτεχνικότητα</subfield>
   <subfield code="h">[Ηλεκτρονικός πόρος] </subfield>
   <subfield code="b">Η αισθητική του τρομοκρατικού γεγονότος στον εικοστό και εικοστό-πρώτο αιώνα</subfield>
   <subfield code="c">Αρετουλάκης, Εμμανουήλ ; Κριτικός αναγνώστης,Schultz, William ; Γλωσσική επιμέλεια,Τσιαδήμου, Αναστασία.</subfield>
  </datafield>
  <datafield tag="260" ind1=" " ind2=" ">
   <subfield code="a">Αθήνα :</subfield>
   <subfield code="b">Σύνδεσμος Ελληνικών Ακαδημαϊκών Βιβλιοθηκών,</subfield>
   <subfield code="c">c2015.</subfield>
  </datafield>
  <datafield tag="490" ind1=" " ind2=" ">
   <subfield code="a">Ακαδημαϊκά Ηλεκτρονικά Συγγράμματα και Βοηθήματα Κάλλιπος</subfield>
   <subfield code="8">40</subfield>
  </datafield>
  <datafield tag="520" ind1=" " ind2=" ">
   <subfield code="a">Το σύγγραμμα θα είναι γραμμένο στην Αγγλική Γλώσσα και θα ερευνά το φαινόμενο της τρομοκρατίας καθώς και εκφάνσεις αυτού μέσα από την μελέτη κειμένων λογοτεχνικών, φιλοσοφικών, και πολιτικών που γράφτηκαν κατά τον εικοστό και εικοστό πρώτο αιώνα. Μια σημαντική πτυχή του βιβλίου είναι η διερεύνηση της σχέσης της λογοτεχνίας και του λογοτεχνικού λόγου γενικότερα, ως αισθητικά και πολιτικο/ρητορικά εργαλεία, με την έννοια της τρομοκρατίας. Στα πλαίσια της διερεύνησης αυτής, τίθενται ερωτήματα που έχουν να κάνουν με τη σχέση της αισθητικής με την τρομοκρατία, όπως για παράδειγμα το αν η τρομοκρατία μπορεί να ειδωθεί μέσω της λογοτεχνικής σκοπιάς (ή και ως λογοτεχνία). Επίσης θα διερευνηθεί ο ρόλος της αισθητικής στην μεθόδευση τρομοκρατικών ενεργειών και στην αναπαράσταση του τρομοκράτη και των τρομοκρατικών ομάδων. Η αισθητική συνιστά πολιτική πράξη ή έκφραση στην τρομοκρατία; Ποιος ο ρόλος των ΜΜΕ στο θέμα της τρομοκρατίας; Οι τρομοκρατικές ομάδες έχουν λογοτεχνικό και φιλοσοφικό λόγο, και πως συνδέονται αυτά με την &quot;πολιτική&quot; της βίας; Σημαντικό ερώτημα που προκύπτει είναι το αν μια υπεύθυνη στάση απέναντι σε τέτοιες ακραίες μορφές βίας αποκλείει τον αισθητικό και λογοτεχνικό λόγο. Επίσης θα διερευνηθεί η σχέση της τέχνης με την τρομοκρατία και το κατά πόσο η πρώτη εμπεριέχει στοιχεία που παραπέμπουν (έστω και μεταφορικά) στη δεύτερη, και το αντίστροφο. Θα μελετηθούν σύγχρονοι και παλαιότεροι συγγραφείς που αγγίζουν το θέμα της τρομοκρατίας, για παράδειγμα, Joseph Conrad, George Orwell, Anthony Burgess, John Updike, Don De Lillo, σε συνδυασμό με φιλοσοφικά κείμενα συγγραφέων του 18ου αιώνα (Kant, Burke), του 20ου και 21ου (Zizek, Lyotard, Baudrillard κ.α), αλλά και μέσα από αναφορές σε πραγματικές τρομοκρατικές ενέργειες που έχουν σημαδέψει την πορεία του πλανήτη.</subfield>
  </datafield>
  <datafield tag="650" ind1=" " ind2="0">
   <subfield code="a">Terrorism in literature.</subfield>
   <subfield code="8">2717</subfield>
  </datafield>
  <datafield tag="653" ind1=" " ind2=" ">
   <subfield code="a">Θρησκεία</subfield>
  </datafield>
  <datafield tag="653" ind1=" " ind2=" ">
   <subfield code="a">Επανάσταση</subfield>
  </datafield>
  <datafield tag="653" ind1=" " ind2=" ">
   <subfield code="a">Πολιτική</subfield>
  </datafield>
  <datafield tag="653" ind1=" " ind2=" ">
   <subfield code="a">Ντε Λίλλο</subfield>
  </datafield>
  <datafield tag="653" ind1=" " ind2=" ">
   <subfield code="a">Όργουελ</subfield>
  </datafield>
  <datafield tag="653" ind1=" " ind2=" ">
   <subfield code="a">Κόνραντ</subfield>
  </datafield>
  <datafield tag="653" ind1=" " ind2=" ">
   <subfield code="a">Λογοτεχνία</subfield>
  </datafield>
  <datafield tag="653" ind1=" " ind2=" ">
   <subfield code="a">Εικόνα</subfield>
  </datafield>
  <datafield tag="653" ind1=" " ind2=" ">
   <subfield code="a">Δικαιοσύνη</subfield>
  </datafield>
  <datafield tag="653" ind1=" " ind2=" ">
   <subfield code="a">Μεταμοντερνισμός</subfield>
  </datafield>
  <datafield tag="653" ind1=" " ind2=" ">
   <subfield code="a">Τέχνη</subfield>
  </datafield>
  <datafield tag="653" ind1=" " ind2=" ">
   <subfield code="a">Καντ</subfield>
  </datafield>
  <datafield tag="653" ind1=" " ind2=" ">
   <subfield code="a">Μποντριγιάρ</subfield>
  </datafield>
  <datafield tag="653" ind1=" " ind2=" ">
   <subfield code="a">Αναπαράσταση</subfield>
  </datafield>
  <datafield tag="653" ind1=" " ind2=" ">
   <subfield code="a">Αισθητική</subfield>
  </datafield>
  <datafield tag="653" ind1=" " ind2=" ">
   <subfield code="a">Τρομοκρατία</subfield>
  </datafield>
  <datafield tag="653" ind1=" " ind2=" ">
   <subfield code="a">Φιλοσοφία</subfield>
  </datafield>
  <datafield tag="653" ind1=" " ind2=" ">
   <subfield code="a">Τέχνες και γράμματα</subfield>
   <subfield code="a">Φιλοσοφία</subfield>
   <subfield code="a">Λογοτεχνία</subfield>
  </datafield>
  <datafield tag="653" ind1=" " ind2=" ">
   <subfield code="a">Τέχνες και γράμματα</subfield>
   <subfield code="a">Τέχνες του θεάματος</subfield>
  </datafield>
  <datafield tag="653" ind1=" " ind2=" ">
   <subfield code="a">Τέχνες και γράμματα</subfield>
   <subfield code="a">Εικαστικές τέχνες</subfield>
  </datafield>
  <datafield tag="653" ind1=" " ind2=" ">
   <subfield code="a">Πολιτικές επιστήμες</subfield>
   <subfield code="a">Διεθνής πολιτική</subfield>
  </datafield>
  <datafield tag="653" ind1=" " ind2=" ">
   <subfield code="a">Τέχνες και γράμματα</subfield>
   <subfield code="a">Τέχνες</subfield>
   <subfield code="a">Θεωρία της τέχνης</subfield>
   <subfield code="a">Αισθητική</subfield>
  </datafield>
  <datafield tag="700" ind1="1" ind2=" ">
   <subfield code="a">Schultz, William</subfield>
   <subfield code="e">Κριτικός αναγνώστης</subfield>
   <subfield code="8">1624</subfield>
  </datafield>
  <datafield tag="856" ind1="4" ind2="0">
   <subfield code="u">http://hdl.handle.net/11419/5122</subfield>
   <subfield code="z">Πλήρες Κείμενο - Full text</subfield>
  </datafield>
  <datafield tag="907" ind1=" " ind2=" ">
   <subfield code="a">.b2567755x</subfield>
   <subfield code="b">12-06-18</subfield>
   <subfield code="c">29-07-16</subfield>
  </datafield>
  <datafield tag="949" ind1=" " ind2=" ">
   <subfield code="0">0</subfield>
   <subfield code="1">0</subfield>
   <subfield code="2">ddc</subfield>
   <subfield code="4">0</subfield>
   <subfield code="6">363_325000000000000_ΑΡΕ</subfield>
   <subfield code="7">0</subfield>
   <subfield code="8">KALL</subfield>
   <subfield code="8">513</subfield>
   <subfield code="d">2016-04-13</subfield>
   <subfield code="r">2016-04-13</subfield>
   <subfield code="w">2016-04-13</subfield>
   <subfield code="z">363.3250 ΑΡΕ</subfield>
   <subfield code="o">SEAB KALLIPOS</subfield>
  </datafield>
  <datafield tag="998" ind1=" " ind2=" ">
   <subfield code="a">80</subfield>
   <subfield code="a">01</subfield>
   <subfield code="a">02</subfield>
   <subfield code="a">03</subfield>
   <subfield code="a">04</subfield>
   <subfield code="a">05</subfield>
   <subfield code="a">06</subfield>
   <subfield code="a">07</subfield>
   <subfield code="a">08</subfield>
   <subfield code="a">09</subfield>
   <subfield code="a">10</subfield>
   <subfield code="a">11</subfield>
   <subfield code="a">12</subfield>
   <subfield code="a">13</subfield>
   <subfield code="a">14</subfield>
   <subfield code="a">15</subfield>
   <subfield code="a">16</subfield>
   <subfield code="a">17</subfield>
   <subfield code="a">19</subfield>
   <subfield code="a">18</subfield>
   <subfield code="a">20</subfield>
   <subfield code="a">21</subfield>
   <subfield code="a">22</subfield>
   <subfield code="a">23</subfield>
   <subfield code="a">24</subfield>
   <subfield code="a">25</subfield>
   <subfield code="a">26</subfield>
   <subfield code="b">10-05-17</subfield>
   <subfield code="c">m</subfield>
   <subfield code="d">z  </subfield>
   <subfield code="e">-</subfield>
   <subfield code="f">gre</subfield>
   <subfield code="g">gr </subfield>
   <subfield code="h">0</subfield>
  </datafield>
  <datafield tag="942" ind1=" " ind2=" ">
   <subfield code="2">ddc</subfield>
   <subfield code="c">KALLIPOS</subfield>
  </datafield>
 </record>
</collection>
